000 01405cam a2200265Ma 4500
005 20211111075711.0
008 171214s2007 ck o b 000 0 spa d
020 _a9789584422798
020 _a9584422790
035 _a(OCoLC)964754959
040 _aCO-BoUCM
_bspa
_cSandra Palacio (modificó)
_dSandra Palacio (modificó)
041 0 _aspa
245 0 0 _aCuaderno de bitácora
_btiempo de mariposas : un recorrido por el realismo mágico
_cEdición Fundación Carolina Colombia
260 _aBogotá (Colombia)
_bFundación Carolina Colombia
_c2007
300 _a235 páginas
_bfotografías blanco y negro
500 _aTextos presentados en el "Diplomado Cartagena de Indias: conocimiento vital del Caribe" de la Universidad Tecnológica de Bolívar con la colaboración de la Fundación Carolina dentro de la Escuela de Verano.
600 1 4 _aGarcía Márquez, Gabriel
_d1927-2014
_xCrítica e interpretación
_vEnsayos, conferencias, etc.
_990592
650 1 7 _aAutores colombianos
_xHistoria y crítica
_vEnsayos, conferencias, etc.
_990593
650 2 7 _aNovelistas colombianos
_990491
650 2 7 _aLiteratura colombiana
_xHistoria y crítica
_ySiglo XX
_vEnsayos, conferencias, etc.
_990594
710 1 _aFundación Carolina Colombia
_990601
942 _2DEWEY
_a18
_cLIBRO
_e1
_h860.01
_kC
_mC961cb
999 _c58304
_d58304